[Event "MTO Open"]
[Site "Biel SUI"]
[Date "2006.07.30"]
[Round "6"]
[White "Atalik,S"]
[Black "Wohl,A"]
[Result "1-0"]
[WhiteElo "2619"]
[BlackElo "2428"]

1.d4 Nf6 2.c4 e6 3.Nf3 Bb4+ 4.Bd2 Be7 5.Nc3 O-O 6.Bf4 b6 7.e3 Bb7 8.h3 d5
9.cxd5 Nxd5 10.Nxd5 Qxd5 11.Bd3 c5 12.e4 Qd8 13.dxc5 Nd7 14.cxb6 Nc5 15.Bc2 Qxb6
16.O-O Ba6 17.Re1 Rfd8 18.Qb1 Nd3 19.Be3 Qb7 20.Rd1 Nxb2 21.Rxd8+ Rxd8 22.Bd4 Ba3
23.Qc1 Qb4 24.Bxg7 Qb5 25.Be5  1-0

[Event "15th Open A"]
[Site "Vienna AUT"]
[Date "2006.07.30"]
[Round "2"]
[White "Schwaninger,W"]
[Black "Jethan,M"]
[Result "0-1"]
[WhiteElo "2210"]
[BlackElo "2067"]

1.Nf3 Nf6 2.d4 e6 3.c4 Bb4+ 4.Bd2 c5 5.Nc3 cxd4 6.Nxd4 O-O 7.e3 d5 8.a3 Be7
9.Qc2 Nc6 10.Nxc6 bxc6 11.Be2 e5 12.O-O Be6 13.Rfd1 Qd7 14.b4 Rfd8 15.Qa4 Qb7
16.cxd5 cxd5 17.Ba6 Qb6 18.Rac1 Bc8 19.Bxc8 Raxc8 20.Qb3 Qb8 21.h3 h6 22.b5 d4
23.Ne2 d3 24.Ng3 g6 25.a4 h5 26.Rc4 Rxc4 27.Qxc4 Qb7 28.Ba5 Qd5 29.Qxd5 Rxd5
30.f3 Bc5 31.Kf2 h4 32.Ne4 Nxe4+ 33.fxe4 Rd6 34.Bd2 Ba3 35.Rb1 f5 36.Kf3 Rd7
37.Rb3 Bc5 38.Rc3 Bb6 39.Rc8+ Rd8 40.Rc6 Kf7 41.Rc1 Rd7 42.a5 Bd8 43.Rb1 Rb7
44.Rb3 Ke8 45.Bc3 Bc7 46.exf5 gxf5 47.e4 f4 48.Kg4 Bd8 49.Bxe5 d2 50.Rb1 Rxb5
51.Rd1 Rxe5  0-1

[Event "35th TCh-GRE"]
[Site "Ermioni GRE"]
[Date "2006.07.??"]
[Round "8"]
[White "Papadopoulos,N"]
[Black "Psomiadis,S"]
[Result "1-0"]
[WhiteElo "2152"]
[BlackElo "2221"]

1.Nf3 Nf6 2.d4 e6 3.c4 Bb4+ 4.Bd2 Qe7 5.a3 Bxd2+ 6.Qxd2 O-O 7.Nc3 d6 8.g3 Nc6
9.Bg2 e5 10.O-O Bg4 11.e3 h6 12.Nd5 Qd8 13.dxe5 dxe5 14.h3 Bf5 15.Rad1 e4
16.Nd4 Nxd4 17.Qxd4 Nxd5 18.Qe5 Qc8 19.Rxd5 Be6 20.Rd4 f5 21.Rfd1 Re8 22.Bf1 b6
23.Be2 Bf7 24.Qb5 c6 25.Qa4 Re7 26.Rd6 c5 27.Qc2 Qa6 28.Qc3 Rae8 29.b4 cxb4
30.axb4 Rc7 31.R1d4 Rec8 32.Rd8+ Rxd8 33.Rxd8+ Kh7 34.Qe5 Qb7 35.Qxf5+ Bg6
36.Qf8 Bf7 37.Qh8+ Kg6 38.Rd6+  1-0

[Event "35th TCh-GRE"]
[Site "Ermioni GRE"]
[Date "2006.07.??"]
[Round "8"]
[White "Halkias,S"]
[Black "Papaioannou,I"]
[Result "1/2-1/2"]
[WhiteElo "2551"]
[BlackElo "2575"]

1.d4 Nf6 2.Nf3 e6 3.c4 Bb4+ 4.Bd2 c5 5.Bxb4 cxb4 6.g3 O-O 7.Bg2 d6 8.O-O Nc6
9.a3 bxa3 10.Rxa3 e5 11.Nc3 Bg4 12.dxe5 dxe5 13.h3 Be6 14.Qa4 Qc8 15.Kh2 h6
16.Rd1 Rd8 17.Rxd8+ Qxd8 18.Qb5 e4 19.Ne5 Rc8 20.Nxc6 bxc6 21.Qa5 Qxa5 22.Rxa5 Bxc4
23.Rxa7 Rb8 24.Nxe4 Bxe2 25.Nxf6+ gxf6 26.Bxc6 Rxb2 27.Bd5 Bh5 28.Kg2 Rd2
29.Be4 Bg6 30.Bxg6 fxg6 31.Kf3 h5 32.Ke4  1/2-1/2

[Event "35th TCh-GRE"]
[Site "Ermioni GRE"]
[Date "2006.07.??"]
[Round "8"]
[White "Pavlidis,Ana"]
[Black "Pavlidis,Ant"]
[Result "1-0"]
[WhiteElo "2120"]
[BlackElo "2101"]

1.d4 Nf6 2.c4 e6 3.Nf3 Bb4+ 4.Bd2 Qe7 5.g3 O-O 6.Nc3 c5 7.e3 cxd4 8.exd4 Bxc3
9.Bxc3 d5 10.Bg2 Nc6 11.O-O dxc4 12.Qe2 Bd7 13.Qxc4 Rac8 14.Qb3 b6 15.Ne5 Rfd8
16.Rfe1 Be8 17.Rad1 Nd5 18.Nd3 Qc7 19.Bxd5 exd5 20.Nf4 Qd6 21.Nxd5 Bd7 22.Nf4 Bg4
23.Rd3 Re8 24.Rxe8+ Rxe8 25.Re3 Rxe3 26.fxe3 Qe7 27.Bd2 Qe4 28.Qd3 Qf3 29.Qf1 Qe4
30.Nh3 Qc2 31.Bc3 Qe4 32.Qxf7+ Kxf7 33.Ng5+ Ke7 34.Nxe4 Bf5 35.Nd2 g5 36.e4 Bg6
37.Kf2 Nd8 38.Ke3 Nf7 39.Bb4+ Kd7 40.d5 Ne5 41.Kd4 Ng4 42.Nf3 Kc7 43.e5 a6
44.e6 Kd8 45.Ne5 Nxe5 46.Kxe5 Bb1 47.d6 a5 48.Ba3 Bxa2 49.d7 b5 50.Bc5 b4
51.Kd6  1-0

[Event "Dutch Open"]
[Site "Dieren NED"]
[Date "2006.08.01"]
[Round "7"]
[White "De Saegher,C"]
[Black "Hendriks,Ric"]
[Result "1-0"]
[WhiteElo "2203"]
[BlackElo "2142"]

1.d4 Nf6 2.Nf3 e6 3.c4 Bb4+ 4.Bd2 Qe7 5.g3 Nc6 6.Nc3 Bxc3 7.Bxc3 Ne4 8.Rc1 d6
9.d5 Nxc3 10.Rxc3 Nd8 11.Bg2 O-O 12.O-O a5 13.Nd4 e5 14.Nb5 f5 15.c5 dxc5
16.Qc1 c6 17.dxc6 Nxc6 18.Bd5+ Kh8 19.Rxc5 Bd7 20.Rd1 f4 21.Bg2 Bg4 22.Rd2 Rad8
23.Rcd5 Rxd5 24.Bxd5 Qb4 25.Nc3 Qc5 26.Qe1 h6 27.a3 Qb6 28.e3 f3 29.Bc4 Nd8
30.Nd5 Qg6 31.Bd3 Qe6 32.Nc3 Nf7 33.Ne4 Rd8 34.Bf1 Rc8 35.Qd1 Qc6 36.Nd6 Nxd6
37.Rxd6 Qc7 38.h3 Bf5 39.Rd5 b6 40.Qxf3 Be6 41.Rd2 Bb3 42.Qf5 Bc2 43.Qe6 e4
44.Rd7 Qc5 45.Qg4 Rg8 46.Qf4 Bd3 47.Bxd3 exd3 48.Qd4 Qc2 49.Kg2 b5 50.e4 d2
51.Qxd2 Qxe4+ 52.Kh2 Rf8 53.Rd4 Qe7 54.Kg2 Qb7+ 55.Kg1 Qc7 56.Rd7 Qc5 57.Qd4 Qxd4
58.Rxd4 Rf3 59.Kf1 Rb3 60.Rd2 b4 61.a4 g5 62.Ke2 h5 63.Kd1 h4 64.Kc2 Rf3
65.gxh4 b3+ 66.Kc1 gxh4 67.Rd5 Rxh3 68.Rxa5 Kg7 69.Rb5 Rf3 70.a5 Rxf2 71.Rxb3 Rf5
72.Ra3 Rh5 73.a6 h3 74.a7 h2 75.a8=Q h1=Q+ 76.Qxh1 Rxh1+ 77.Kc2 Kf7 78.Re3 Rh6
79.Kc3 Rc6+ 80.Kd4 Rd6+ 81.Kc5 Rd8 82.b4 Rc8+ 83.Kb5 Rb8+ 84.Ka4 Ra8+ 85.Kb3 Rb8
86.Re4 Rb7 87.Ka4 Ra7+ 88.Kb5 Rb7+ 89.Ka6  1-0

[Event "FSGM August"]
[Site "Budapest HUN"]
[Date "2006.08.05"]
[Round "13"]
[White "Braun,A"]
[Black "Ilincic,Z"]
[Result "1/2-1/2"]
[WhiteElo "2526"]
[BlackElo "2515"]

1.d4 Nf6 2.c4 e6 3.Nf3 Bb4+ 4.Bd2 c5 5.Bxb4 cxb4 6.g3 O-O 7.Bg2 d6 8.O-O Nc6
9.d5 exd5 10.cxd5 Ne7 11.Nh4 Bg4 12.h3 Bd7 13.e4 Qc8 14.Kh2 Qc5 15.Qd2 Rfc8
16.a3 Bb5 17.axb4 Qc2 18.Qxc2 Rxc2 19.Na3 Bxf1 20.Nxc2 Bd3 21.Nd4 g5 22.Nhf5 Nxf5
23.Nxf5 Bxe4 24.Nxd6 Bxg2 25.Kxg2 b6 26.Rd1 Kg7 27.Nf5+ Kg6 28.Ne7+ Kg7 29.d6 Nd7
30.g4 h5 31.Re1 hxg4 32.hxg4 a6 33.Kg3 b5 34.Nf5+ Kf6 35.Re7 Ne5 36.Ne3 Ng6
37.Nd5+ Kg7 38.Rb7 Rd8 39.Rb6 Ne5 40.b3 Rh8 41.Rxa6 Rh1 42.Ne3 Rb1 43.Rb6 Rxb3
44.Rxb5 Kf6 45.Rd5 Ke6 46.Rd4 Rd3 47.Re4 Kxd6 48.Kg2 f6 49.Kf1 Rb3 50.Nf5+ Kd5
51.Rd4+ Ke6 52.Ne3 Nc6 53.Re4+ Kd6 54.Nc2 Rb2 55.Rc4 Kd5 56.Ne3+ Kd6 57.Nf5+ Kd7
58.Kg2 Rxb4 59.Rxb4 Nxb4  1/2-1/2

[Event "17th Jozef Kochan Mem"]
[Site "Koszalin POL"]
[Date "2006.08.07"]
[Round "4"]
[White "Walczak,Pr"]
[Black "Tofil,B"]
[Result "0-1"]
[WhiteElo "2149"]
[BlackElo "2003"]

1.d4 Nf6 2.c4 e6 3.Nf3 Bb4+ 4.Bd2 Qe7 5.g3 Bxd2+ 6.Nbxd2 d6 7.Bg2 O-O 8.Nf1 e5
9.Ne3 c6 10.O-O Ng4 11.Qb3 Na6 12.h3 Nxe3 13.Qxe3 Re8 14.dxe5 dxe5 15.Rfd1 f6
16.Rd2 Be6 17.b3 Nc5 18.Rad1 a5 19.Rd6 Na6 20.Ne1 Red8 21.Rxd8+ Rxd8 22.Rxd8+ Qxd8
23.Nd3 Qd7 24.h4 Qd4 25.Qxd4 exd4 26.Be4 g6 27.Kf1 Kf7 28.Ke1 Ke7 29.Kd2 Kd6
30.h5 f5 31.hxg6 hxg6 32.Bg2 Nc5 33.Nxc5 Kxc5 34.Kc2 a4 35.Kb2 axb3 36.axb3 b5
37.cxb5 Kxb5 38.Ka3 c5 39.Bb7 g5 40.f4 gxf4 41.gxf4 Ka5 42.Bg2 Bf7 43.Bf3 Kb5
44.Kb2 Kb4 45.Bc6 Bxb3 46.Bd7 Bd1 47.Bxf5 Bxe2 48.Bc8 d3 49.Ba6 c4  0-1

[Event "FSGM August"]
[Site "Budapest HUN"]
[Date "2006.08.08"]
[Round "4"]
[White "Ilincic,Z"]
[Black "Meier,Geo"]
[Result "1/2-1/2"]
[WhiteElo "2515"]
[BlackElo "2450"]

1.d4 Nf6 2.c4 e6 3.Nf3 Bb4+ 4.Bd2 Bxd2+ 5.Qxd2 O-O 6.Nc3 d6 7.O-O-O Qe7 8.g4 Nxg4
9.e4 Qf6 10.Rg1 Qxf3 11.Be2 Qxf2 12.Rxg4 e5 13.Rxg7+ Kxg7 14.Qg5+ Kh8 15.Rf1 Rg8
16.Qxg8+ Kxg8 17.Rxf2 exd4 18.Nd5 Na6 19.c5 Nxc5 20.Nxc7 Rb8 21.Nb5 Nxe4
22.Rf4 d5 23.Nxa7 Kg7 24.Nb5 f5 25.Nxd4 Kg6 26.Bb5 Nd6 27.Ba4 b6 28.Bb3 Bb7
29.Bc2 Rf8 30.Rg4+ Kf6 31.Rh4 Kg6 32.Rg4+ Kf6 33.Rh4  1/2-1/2

[Event "ch-Euro Senior"]
[Site "Davos SUI"]
[Date "2006.08.08"]
[Round "4"]
[White "Hicker,H"]
[Black "Vucenovic,D"]
[Result "1/2-1/2"]
[WhiteElo "2136"]
[BlackElo "2288"]

1.d4 Nf6 2.Nf3 e6 3.c4 Bb4+ 4.Bd2 a5 5.e3 O-O 6.Bd3 d6 7.O-O Nc6 8.a3 Bxd2
9.Nbxd2 e5 10.Qc2 Bg4 11.dxe5 dxe5 12.Ng5 h6 13.Nh7 Nxh7 14.Bxh7+ Kh8 15.Be4 Bd7
16.Rfd1 f5 17.Bd5 Qe7 18.Qc3 Rae8 19.b4 axb4 20.axb4 Nxb4 21.Bxb7 Rb8 22.Bf3 e4
23.Be2 Be6 24.Nb3 Bg8 25.Ra5 Nc6 26.Rb5 Rxb5 27.cxb5 Ne5 28.Qc5 Qf6 29.Nd4 f4
30.exf4 Qxf4 31.Nc6 Nxc6 32.bxc6 Rf5 33.Qe3 Qxe3 34.fxe3 Rc5 35.Rd4 Bd5 36.Bh5 Kh7
37.Be8 Bxc6 38.Bxc6 Rxc6 39.Rxe4 Rc2 40.h4 Kg6 41.Kh2 Kf5 42.Rf4+ Ke6 43.Rg4 Kf6
44.Rf4+ Kg6 45.Kg3 h5 46.Kf3 Rc1 47.Kf2 c5 48.g4 Rc2+ 49.Ke1 hxg4 50.Rxg4+ Kf6
51.Kd1 Ra2 52.Rc4 Ra5 53.Kc2 Ke5 54.Kb3 Kd5 55.Rg4 Ra7 56.h5 c4+ 57.Kb4 Rb7+
58.Kc3 Rb3+ 59.Kd2 Rb2+ 60.Kc3  1/2-1/2

[Event "San Agustin Open"]
[Site "Aviles ESP"]
[Date "2006.08.10"]
[Round "6"]
[White "Abdullayev,E"]
[Black "Fernandez Nieto,D"]
[Result "1-0"]
[WhiteElo "2148"]
[BlackElo "1835"]

1.d4 Nf6 2.Nf3 e6 3.c4 Bb4+ 4.Bd2 a5 5.g3 b6 6.Bg2 Bb7 7.O-O O-O 8.a3 Bxd2
9.Nbxd2 d6 10.Qc2 Nbd7 11.Rad1 Re8 12.Rfe1 Rb8 13.e4 e5 14.dxe5 Nxe5 15.Nxe5 dxe5
16.Nf1 Qe7 17.Ne3 Ba6 18.Rd2 Rbd8 19.Red1 Rxd2 20.Qxd2 g6 21.Nd5 Nxd5 22.cxd5 Qd6
23.Rc1 Re7 24.Rc6 Qd7 25.Rc1 Bc8 26.b4 axb4 27.Qxb4 Bb7 28.a4 Bc8 29.Bh3 f5
30.d6 cxd6 31.Qc4+ Kg7 32.Qxc8 Qxc8 33.Rxc8 fxe4 34.Rd8 Ra7 35.Rxd6 Rxa4
36.Rxb6 Ra1+ 37.Bf1 Re1 38.Rb3 Kf6 39.Re3 Rxe3 40.fxe3 h5 41.Bg2 Kf5 42.h4 Kg4
43.Kf2  1-0

[Event "ch-Euro Senior"]
[Site "Davos SUI"]
[Date "2006.08.11"]
[Round "7"]
[White "Chernikov,O"]
[Black "Korchnoi,V"]
[Result "1/2-1/2"]
[WhiteElo "2422"]
[BlackElo "2600"]

1.d4 e6 2.c4 Nf6 3.Nf3 Bb4+ 4.Bd2 a5 5.g3 d5 6.cxd5 exd5 7.Nc3 Ne4 8.Bg2 Nxd2
9.Nxd2 c6 10.O-O O-O 11.e4 dxe4 12.Ndxe4 Be6 13.Nc5 Bc4 14.Re1 b6 15.Nd3 Qxd4
16.Ne5 Bxc3 17.bxc3 Qc5 18.Qd4 Be6 19.Qxc5 bxc5 20.a3 Bb3 21.Nxc6 Nxc6 22.Bxc6 Rac8
23.Bb5 Rc7 24.Re4 g6 25.Rae1 Kg7 26.Re8 Be6 27.Rxf8 Kxf8 28.f4 Rb7 29.a4 Ke7
30.Kf2 Kd6 31.Rd1+ Ke7 32.Ke3 Rb6 33.Rd2 Rd6  1/2-1/2

[Event "Acropolis Women's Open"]
[Site "Athens GRE"]
[Date "2006.08.13"]
[Round "1"]
[White "Kononenko,T"]
[Black "Yildiz,B"]
[Result "1-0"]
[WhiteElo "2392"]
[BlackElo "2212"]

1.d4 Nf6 2.c4 e6 3.Nf3 Bb4+ 4.Bd2 Qe7 5.g3 b6 6.Bg2 Bb7 7.Nc3 Bxc3 8.Bxc3 Ne4
9.Rc1 Nxc3 10.Rxc3 O-O 11.O-O d6 12.d5 e5 13.e4 Bc8 14.Nd2 f5 15.f4 fxe4
16.Nxe4 Bf5 17.Ng5 exf4 18.gxf4 Na6 19.Ne6 Rf6 20.Rg3 Rg6 21.Rxg6 Bxg6 22.f5 Be8
23.Qd4 Qf6 24.Qxf6 gxf6 25.Rf3 b5 26.Rg3+ Kh8 27.Ra3 Nc5 28.Nxc7 Rc8 29.Nxb5 Bxb5
30.cxb5 Rc7 31.Rc3 Rb7 32.b4 Na4 33.Rc6 Rxb5 34.a3 Nb6 35.Rxd6 Kg7 36.Kf2 Kf7
37.Bf1  1-0

[Event "Open"]
[Site "Predeal ROM"]
[Date "2006.08.13"]
[Round "2"]
[White "Bojchev,M"]
[Black "Marinescu,Mi"]
[Result "1-0"]
[WhiteElo "2325"]
[BlackElo "2188"]

1.d4 Nf6 2.c4 e6 3.Nf3 Bb4+ 4.Bd2 Be7 5.Nc3 d5 6.Bg5 O-O 7.e3 Nbd7 8.Qc2 c6
9.Rc1 Re8 10.a3 h6 11.Bh4 a6 12.c5 e5 13.dxe5 Ng4 14.Bxe7 Qxe7 15.Na4 Ndxe5
16.Nd4 Nxf2 17.Qxf2 Ng4 18.Qf4 g5 19.Qg3 Qf6 20.Nc2 Nxe3 21.Kd2 Bg4 22.Nxe3 Re4
23.Nc3 Rxe3 24.Qxe3 d4 25.Qg3 dxc3+ 26.Rxc3 Qd4+ 27.Bd3 Re8 28.Re1 Rxe1 29.Kxe1  1-0

[Event "Epetium Open"]
[Site "Stobrec CRO"]
[Date "2006.08.18"]
[Round "6"]
[White "Bratosevic,M"]
[Black "Brkic,I"]
[Result "1/2-1/2"]
[WhiteElo "2190"]
[BlackElo "2171"]

1.d4 e6 2.Nf3 Nf6 3.c4 Bb4+ 4.Bd2 Bxd2+ 5.Qxd2 d5 6.e3 O-O 7.Nc3 a6 8.c5 b6
9.cxb6 cxb6 10.Bd3 Bb7 11.O-O Qd6 12.Ne5 Ne4 13.Qc2 f5 14.f3 Nf6 15.Rac1 Nbd7
16.Nxd7 Nxd7 17.f4 b5 18.Nb1 Rac8 19.Qe2 Nb6 20.b3 Rc6 21.Qb2 Rfc8 22.Rxc6 Qxc6
23.Rd1 Rc7 24.Kf2 Nd7 25.h3 Nf6 26.Nd2 b4 27.Nf3 Nd7 28.Rd2 Qc3 29.Rc2 Qxb2
30.Rxb2 a5 31.Ke2 h6 32.Kd2 Kf7 33.Rc2 Rxc2+ 34.Kxc2 Bc6 35.Ba6 Kf6 36.Kd2 g5
37.Bc8 Nb6 38.Ba6 Be8 39.Ne5 gxf4 40.exf4 Na8 41.Bb7 Nc7 42.Bc6 Ke7 43.Kd3 Nb5
44.Bxb5 Bxb5+ 45.Ke3 Kf6 46.Kf2 a4 47.Kf3 a3 48.Ke3 Bc4 49.Nd7+ Ke7 50.Nc5 Bf1
51.Kf3 Kd6 52.Kf2 Bc4 53.Ke3 Bf1 54.Kf3 h5 55.h4 Bb5 56.Ke3 Ke7 57.Kd2 Kd6
58.Kc2 Ke7 59.Nb7 Kd7 60.Kd2 Kc7 61.Nc5 Kd6 62.g3 Ke7 63.Kc2 Kd6 64.Na4 Kc6
65.Nc5 Kd6  1/2-1/2

[Event "3rd Dato Arthur Tan"]
[Site "Kuala Lumpur MAS"]
[Date "2006.08.23"]
[Round "5"]
[White "Halay,T"]
[Black "Zakaria,F"]
[Result "1-0"]
[WhiteElo "2409"]
[BlackElo "2202"]

1.d4 Nf6 2.c4 e6 3.Nf3 Bb4+ 4.Bd2 Qe7 5.Nc3 Bxc3 6.Bxc3 Ne4 7.Rc1 d6 8.g3 O-O
9.Bb4 Nc6 10.Ba3 Ng5 11.Bg2 Nxf3+ 12.Bxf3 Qf6 13.e3 e5 14.d5 Ne7 15.O-O Bh3
16.Re1 b6 17.b3 Qg5 18.Bh1 Ng6 19.Bb2 Rae8 20.b4 h5 21.c5 h4 22.cxd6 cxd6
23.Rc6 Ne7 24.Rc3 f5 25.f4 Qg6 26.Kf2 hxg3+ 27.hxg3 e4 28.Rc7 Kf7 29.Qd4 Rh8
30.Rd7 Rh7 31.Rc1 Bg4 32.Bg2 Bf3 33.Rg1 Qg4 34.Bf1 Rh2+ 35.Ke1 Rh1 36.Rxh1 Qxg3+
37.Kd2 Bxh1 38.Rxd6 Bf3 39.Bc4 Qf2+ 40.Kc3 Qe1+ 41.Kb3 Qd1+ 42.Ka3 Qxd4 43.Bxd4 Rc8
44.Bb3 Be2 45.Rd7  1-0

[Event "VIII Open"]
[Site "Sants ESP"]
[Date "2006.08.27"]
[Round "3"]
[White "Hernando Rodrigo,Jo"]
[Black "Kluss,K"]
[Result "1-0"]
[WhiteElo "2400"]
[BlackElo "2217"]

1.d4 Nf6 2.c4 e6 3.Nf3 Bb4+ 4.Bd2 Qe7 5.g3 Nc6 6.Nc3 Bxc3 7.Bxc3 Ne4 8.Rc1 Nxc3
9.Rxc3 a5 10.Bg2 d6 11.O-O O-O 12.d5 Nd8 13.Qc2 Bd7 14.c5 dxc5 15.Rxc5 c6
16.dxc6 Nxc6 17.Ne5 Nxe5 18.Rxe5 Qd6 19.Rh5 g6 20.Rd1 Qb6 21.Rh4 Rfd8 22.Rd3 Rac8
23.Rc4 Rxc4 24.Qxc4 Rc8 25.Qf4 e5 26.Qg5 Be6 27.b3 a4 28.h4 axb3 29.axb3 h5
30.Qxe5 Rc1+ 31.Kh2 Kh7 32.Qf6 Rc8 33.Be4 Re8 34.Rd7 Kg8 35.Rxb7 Qd8 36.Qxd8 Rxd8  1-0

[Event "TCh-Serbia"]
[Site "Zlatibor SCG"]
[Date "2006.08.29"]
[Round "4"]
[White "Arsovic,G"]
[Black "Bogosavljevic,B"]
[Result "1-0"]
[WhiteElo "2483"]
[BlackElo "2302"]

1.d4 Nf6 2.Nf3 e6 3.c4 Bb4+ 4.Bd2 c5 5.Bxb4 cxb4 6.Qd3 O-O 7.e4 d6 8.Be2 b6
9.Nbd2 Bb7 10.O-O a5 11.Rfe1 Nbd7 12.Bd1 e5 13.Ba4 Qc7 14.Nf1 exd4 15.Bxd7 Nxd7
16.Nxd4 Nc5 17.Qc2 Ne6 18.Rad1 Nxd4 19.Rxd4 b5 20.Ne3 bxc4 21.Rxc4 Qb6 22.Nf5 Rfe8
23.Qd2 Re6 24.Rd4 Rd8 25.e5 d5 26.Rg4 Rg6 27.Ne7+ Kf8 28.Nxg6+ hxg6 29.e6 fxe6
30.Rxg6 Bc8 31.Qg5 Rd7 32.Rgxe6  1-0

[Event "3rd Open"]
[Site "Kalamaria GRE"]
[Date "2006.08.31"]
[Round "2"]
[White "Kostantinidis,L"]
[Black "Hakki,I"]
[Result "0-1"]
[WhiteElo "1934"]
[BlackElo "2447"]

1.d4 Nf6 2.c4 e6 3.Nf3 Bb4+ 4.Bd2 Qe7 5.a3 Bxd2+ 6.Nbxd2 d6 7.e4 e5 8.d5 a5
9.b4 O-O 10.Be2 Na6 11.c5 Bg4 12.Bxa6 Rxa6 13.b5 Raa8 14.O-O dxc5 15.Qc2 b6
16.Kh1 a4 17.Nc4 Bxf3 18.gxf3 Ne8 19.Rg1 Nd6 20.Nxd6 cxd6 21.Qc3 f5 22.Rae1 fxe4
23.Rxe4 Qf7 24.Reg4 g6 25.Qc2 Qxf3+ 26.R1g2 Rf6 27.Kg1 Kh8 28.Rh4 Qb3 29.Qc1 Qxd5
30.Rhg4 Qf7 31.Qc2 Rf4  0-1

[Event "3rd Open"]
[Site "Kalamaria GRE"]
[Date "2006.09.01"]
[Round "3"]
[White "Stamenkov,V"]
[Black "Gelashvili,T"]
[Result "0-1"]
[WhiteElo "2367"]
[BlackElo "2575"]

1.d4 Nf6 2.c4 e6 3.Nf3 Bb4+ 4.Bd2 c5 5.Bxb4 cxb4 6.Nbd2 O-O 7.e3 d6 8.Be2 Re8
9.O-O a5 10.a4 b6 11.Rc1 Nbd7 12.Nb3 Qe7 13.Nfd2 Ba6 14.Re1 Rac8 15.Bf1 Bb7
16.g3 Bc6 17.Na1 Ne4 18.Nxe4 Bxe4 19.Bg2 Bxg2 20.Kxg2 d5 21.cxd5 exd5 22.Qd3 Nf6
23.Qb5 Qe6 24.Nb3 h5 25.Nd2 h4 26.Qd3 Qd7 27.b3 h3+ 28.Kg1 Rxc1 29.Rxc1 Rc8
30.Rxc8+ Qxc8 31.Nf1 Qg4 32.Qc2 g6 33.f3 Qxf3 34.Qc8+ Kg7 35.Qxh3 Qd1 36.Qc8 Qxb3
37.g4 Qd1 38.h3 Ne4 39.Qc7 Nd2  0-1

[Event "ch-U20 Panamerican"]
[Site "Bogota COL"]
[Date "2006.09.04"]
[Round "2"]
[White "Capo Vidal,U"]
[Black "Flaquer,L"]
[Result "1/2-1/2"]
[WhiteElo "2357"]
[BlackElo "2152"]

1.d4 Nf6 2.c4 e6 3.Nf3 Bb4+ 4.Bd2 Qe7 5.g3 Nc6 6.Bg2 O-O 7.O-O Bxd2 8.Qxd2 d6
9.Nc3 e5 10.dxe5 Nxe5 11.Nd5 Qd8 12.Nxe5 dxe5 13.Qg5 c6 14.Ne3 Ng4 15.Qxd8 Rxd8
16.Rfd1 Be6 17.Nxg4 Bxg4 18.Kf1 Be6 19.b3 Kf8 20.Ke1 Ke7 21.Rac1 f5 22.a3 a5
23.Rd2 g5 24.e3 h5 25.Rxd8 Rxd8 26.Bf1 Rh8 27.f4 gxf4 28.exf4 e4 29.h4 c5
30.Be2 Bf7 31.Kf2 Rh6 32.a4 Rb6 33.Rc3  1/2-1/2

[Event "3rd Open"]
[Site "Kalamaria GRE"]
[Date "2006.09.04"]
[Round "7"]
[White "Sriram,J"]
[Black "Pavlidis,Ant"]
[Result "1-0"]
[WhiteElo "2408"]
[BlackElo "2101"]

1.d4 Nf6 2.c4 e6 3.Nf3 Bb4+ 4.Bd2 Qe7 5.g3 O-O 6.Bg2 Nc6 7.Nc3 Bxc3 8.Bxc3 Ne4
9.Rc1 d6 10.d5 Nxc3 11.Rxc3 Nb8 12.dxe6 fxe6 13.O-O Nc6 14.Nd4 Bd7 15.Re3 Kh8
16.Qd2 Rae8 17.Ra3 Ra8 18.Nxc6 Bxc6 19.Bxc6 bxc6 20.Ra6 Qe8 21.Qa5 Qb8 22.b4 Rf5
23.Qa4 c5 24.Rb1 Qb7 25.Qc6 Rb8 26.b5 Re5 27.e3 Re4 28.Rc1 Qxc6 29.Rxc6 Rb7
30.Kg2 Kg8 31.Rc3 Kf8 32.f4 d5 33.Rxc5 Rxc4 34.R3xc4 dxc4 35.a4 a6 36.bxa6 Ra7
37.Rxc4 Rxa6 38.Kf3 c6 39.Rb4 c5 40.Re4 Kf7 41.g4 Kf6 42.h4 g6 43.Rc4 Ra5
44.Ke4 Ke7 45.Ke5 Kd7 46.g5 Ke7 47.e4 Kd7 48.Kf6 Kd6 49.Kg7 Ra7+ 50.Kg8 Rb7
51.Rc1 Rb4 52.Kxh7 Rxe4 53.Rf1 Rxa4 54.Kxg6 Ra8 55.h5 e5 56.fxe5+  1-0

[Event "ch-EU"]
[Site "Liverpool ENG"]
[Date "2006.09.06"]
[Round "1"]
[White "Radovanovic,J"]
[Black "Galego,L"]
[Result "1/2-1/2"]
[WhiteElo "2366"]
[BlackElo "2528"]

1.d4 Nf6 2.c4 e6 3.Nf3 Bb4+ 4.Bd2 c5 5.e3 O-O 6.Nc3 b6 7.Bd3 Bb7 8.O-O cxd4
9.exd4 Be7 10.d5 Na6 11.Bf4 Re8 12.a3 Nc5 13.Bc2 exd5 14.cxd5 Bf8 15.Qd4 d6
16.Rae1 Rxe1 17.Rxe1 a6 18.Bg5 h6 19.Bxf6 Qxf6 20.Qxf6 gxf6 21.Nd4 Nd7 22.f4 b5
23.Nc6 Nb6 24.Bf5 Kg7 25.Rc1 Nc4 26.Nd1 Bc8 27.Bxc8 Rxc8 28.b3 Nd2 29.Rc3 Re8
30.Ne3 Ne4 31.Rd3 Nc5 32.Rc3 Ne4 33.Rd3 Nc5 34.Rc3  1/2-1/2

[Event "5th Kesarovski - Georgiev Mem"]
[Site "Sunny Beach BUL"]
[Date "2006.09.08"]
[Round "7"]
[White "Raeva,E"]
[Black "Persson,M2"]
[Result "1-0"]
[WhiteElo "2249"]
[BlackElo "2083"]

1.d4 Nf6 2.c4 e6 3.Nf3 Bb4+ 4.Bd2 a5 5.e3 b6 6.Bd3 Bb7 7.a3 Bxd2+ 8.Nbxd2 d6
9.O-O Nbd7 10.b4 axb4 11.axb4 O-O 12.Qc2 Qe7 13.e4 e5 14.d5 Rxa1 15.Rxa1 Ra8
16.Rxa8+ Bxa8 17.Qa4 Qd8 18.Nb1 Bb7 19.Nc3 Qa8 20.Bc2 Qxa4 21.Bxa4 Ba6 22.Nd2 Kf8
23.f3 Ke7 24.Kf2 Kd8 25.Ke3 Ke7 26.Bb5 Nb8 27.Kd3 Nh5 28.g3 Bc8 29.c5 bxc5
30.bxc5 f5 31.c6 g6 32.Bc4 Na6 33.Ne2 Nc5+ 34.Ke3 Nf6 35.h4 fxe4 36.fxe4 Ng4+
37.Kf3 Nh2+ 38.Kg2 Ng4 39.Nc3 Nf6 40.Be2 Kd8 41.Kf2 Bh3 42.Ke3 Bc8 43.Nd1 h6
44.Nf2 h5 45.Nf3 Bg4 46.Ng5 Bxe2 47.Kxe2 Ke7 48.Ke3 Ng4+ 49.Ke2 Nxf2 50.Kxf2 Kf6
51.Ke3 Ke7 52.Kf3 Kf6 53.g4 Ke7 54.gxh5 gxh5 55.Ke3 Kf6 56.Nf3 Nb3 57.Nh2 Nd4
58.Nf1 Nc2+ 59.Kf2 Nd4 60.Ng3 Kg6 61.Ke3 Nc2+ 62.Kd3 Nd4 63.Kc4 Kf7 64.Kb4 Ke8
65.Nxh5 Nf3 66.Ng7+ Kf7 67.Nf5  1-0

[Event "FSGM September"]
[Site "Budapest HUN"]
[Date "2006.09.09"]
[Round "8"]
[White "Ilincic,Z"]
[Black "Fodor,T jr"]
[Result "1/2-1/2"]
[WhiteElo "2515"]
[BlackElo "2429"]

1.d4 Nf6 2.c4 e6 3.Nf3 Bb4+ 4.Bd2 Qe7 5.g3 Nc6 6.Bg2 Bxd2+ 7.Nbxd2 d6 8.O-O a5
9.e4 e5 10.d5 Nb8 11.Ne1 h5 12.Nef3 Nbd7 13.Qe2 Nc5 14.h3 O-O 15.b3 Bd7 16.Ng5 g6
17.h4 Ng4 18.f3 Nh6 19.a3  1/2-1/2

[Event "TCh-ESP Honor Gp1"]
[Site "Olite ESP"]
[Date "2006.09.09"]
[Round "4"]
[White "Oms Pallise,J"]
[Black "Giorgadze,G1"]
[Result "1/2-1/2"]
[WhiteElo "2511"]
[BlackElo "2607"]

1.d4 Nf6 2.c4 e6 3.Nf3 Bb4+ 4.Bd2 a5 5.g3 d5 6.Bg2 Nc6 7.Qc2 Ne4 8.O-O O-O
9.Rd1 f5 10.Bc3 Bd7 11.Nbd2 Be8 12.Bxb4 axb4 13.Nb3 Qf6 14.cxd5 exd5 15.Nc5 Nxc5
16.dxc5 d4 17.Ne1 f4 18.Nd3 fxg3 19.hxg3 Bg6 20.Rf1 Kh8 21.Qd2 Bxd3 22.Qxd3 Ne5
23.Qe4 c6 24.Rad1 Rad8 25.b3 d3 26.e3 d2 27.Qf4 Qxf4 28.gxf4 Ng4 29.Be4 Nf6
30.Bb1 Rfe8 31.Kh2 Rd5 32.Kg3 Red8 33.Kf3 Rxc5 34.Ke2 Nd5 35.Rxd2 Nc3+ 36.Ke1 Rcd5
37.Rxd5 Rxd5 38.Bc2 Nxa2 39.Rh1 h6 40.f5 Rd6 41.Rh4 Kg8 42.e4 Nc3 43.Rg4 Kf8
44.e5 Rd5 45.e6 Re5+ 46.Kf1 c5 47.Bd3 Nd5 48.Kg2 Ne7 49.Rf4 Ng8 50.Rc4 Nf6
51.Kf3 Ke7 52.Rc1 Rd5 53.Ke2 Ne8 54.Rg1 Kf8 55.Be4 Rd4 56.Ke3 b6  1/2-1/2

[Event "15th TCh-CRO"]
[Site "Sibenik CRO"]
[Date "2006.09.22"]
[Round "1"]
[White "Nikolac,J"]
[Black "Sulava,N"]
[Result "0-1"]
[WhiteElo "2421"]
[BlackElo "2489"]

1.d4 e6 2.c4 Nf6 3.Nf3 Bb4+ 4.Bd2 a5 5.g3 d5 6.Bg2 dxc4 7.O-O Nc6 8.e3 O-O
9.Qc2 Bd6 10.Qxc4 e5 11.dxe5 Nxe5 12.Nxe5 Bxe5 13.Bc3 Qe7 14.Qb5 Bxc3 15.Nxc3 c6
16.Qe2 Bg4 17.f3 Be6 18.e4 Nd7 19.Rfd1 Rfd8 20.f4 f6 21.Kh1 Bf7 22.Rd4 Nc5
23.Rad1 Rxd4 24.Rxd4 Rd8 25.Qd2 Rxd4 26.Qxd4 Ne6 27.Qd2 Qc5 28.Bf3 h5 29.h4 b5
30.Kg2 Nd4 31.Bd1 b4 32.Na4 Qd6 33.b3 c5 34.Qd3 Qc6 35.Kf2 g6 36.Ke3 Nb5
37.Bf3 Nd4 38.Bd1 Ne6 39.Be2 Qc7 40.Qd2 Nd4 41.Bf1 Qe7 42.Bg2 Kg7 43.Qc1 Ne6
44.Bf1 Be8 45.Nb6 Bc6 46.Qc4 Nd4 47.Bg2 Nf5+ 48.Kf2 Nd6 49.Nd5 Qa7 50.Qd3 c4+
51.Qe3 Qxe3+ 52.Nxe3 cxb3 53.axb3 Bxe4 54.Bh3 Kf7 55.Bd7 Ke7 56.Ba4 Ke6 57.Nc4 Nxc4
58.bxc4 Kd6 59.Ke3 Bc6 60.Bc2 Kc5 61.Bxg6 a4 62.Kd3 a3 63.Kc2 Kxc4 64.Bxh5 b3+  0-1

[Event "Vojvodina Quality League m"]
[Site "Sremska Mitrovica SRB"]
[Date "2006.09.22"]
[Round "1"]
[White "Bodiroga,P"]
[Black "Ilincic,Z"]
[Result "1/2-1/2"]
[WhiteElo "2399"]
[BlackElo "2515"]

1.d4 Nf6 2.c4 e6 3.Nf3 Bb4+ 4.Bd2 c5 5.Bxb4 cxb4 6.g3 O-O 7.Bg2 d6 8.O-O a5
9.a3 Na6 10.Qd3 Qc7 11.Nbd2 h6 12.Rfc1  1/2-1/2

[Event "15th TCh-CRO"]
[Site "Sibenik CRO"]
[Date "2006.09.23"]
[Round "2"]
[White "Bilobrk,F"]
[Black "Hulak,K"]
[Result "1/2-1/2"]
[WhiteElo "2386"]
[BlackElo "2536"]

1.d4 Nf6 2.c4 e6 3.Nf3 Bb4+ 4.Bd2 c5 5.Bxb4 cxb4 6.g3 O-O 7.Bg2 d6 8.O-O Nc6
9.a3 Re8 10.axb4 Nxb4 11.Nc3 Bd7 12.Qb3 a5 13.Rfd1 Qc7 14.Rac1 Rac8 15.Nd2 e5
16.dxe5 Rxe5 17.Qa3 h5 18.b3 Rce8 19.Nf3 Rc5 20.Nd4 Qb6 21.h3 Rce5 22.Qb2 Na6
23.Rb1 Nb4 24.Qd2  1/2-1/2

[Event "Vojvodina Quality League m"]
[Site "Sremska Mitrovica SRB"]
[Date "2006.09.23"]
[Round "2"]
[White "Kostic,Brani"]
[Black "Nedeljkovic,Dj"]
[Result "1-0"]
[WhiteElo "2286"]
[BlackElo "2198"]

1.d4 Nf6 2.c4 e6 3.Nf3 Bb4+ 4.Bd2 Qe7 5.a3 Bxd2+ 6.Qxd2 O-O 7.Nc3 d5 8.e3 Rd8
9.cxd5 exd5 10.Bd3 Nc6 11.h3 h6 12.Qc2 Bd7 13.Rc1 Re8 14.Na4 Ne4 15.Nc5 Ng5
16.Qc3 Nxf3+ 17.gxf3 Bc8 18.Bb5 Qf6 19.Bxc6 Qxc6 20.Ke2 Qd6 21.b4 c6 22.h4 Re7
23.Nd3 Bf5 24.Ne5 f6 25.Nd3 Rae8 26.Kd2 Bxd3 27.Qxd3 Ra8 28.Qc3 f5 29.f4 Qe6
30.Rhg1 Qe4 31.Rg3 Qe6 32.Rcg1 Qf6 33.Rh3 Rc7 34.h5 Qe7 35.Rg6 Kh7 36.Rhg3 Qh4
37.Qc5 Qxh5 38.Qd6 Rf7 39.Qe6 Raf8 40.Ke1 Qh1+ 41.Rg1 Qe4 42.Rxh6+ Kg8 43.Rxg7+  1-0